000 00696cam a22002293a 4500
001 30982
003 PGUSA
005 20140828083653.0
008 100116s2010||||xxu|||||s|||||000 | eng d
040 _aPGUSA
_beng
042 _adc
050 4 _aPR
100 1 _aMacCracken, H. N.
_q(Henry Noble),
_d1880-1970
245 1 3 _aAn Introduction to Shakespeare
_h[electronic resource] /
_cH. N. MacCracken
260 _bProject Gutenberg,
_c2010
506 _aPublic domain in the USA.
516 _aElectronic text
653 _aShakespeare, William, 1564-1616 -- Handbooks, manuals, etc.
830 0 _aProject Gutenberg
_v30982
856 4 0 _uhttp://www.gutenberg.org/ebooks/30982
942 _cEB
999 _c260237
_d260237